La celulosa y sus aplicaciones / (Record no. 40192)
[ view plain ]
| 000 -LEADER | |
|---|---|
| campo de control de longitud fija | 01016nam a2200241 i 4500 |
| 001 - NÚMERO DE CONTROL | |
| campo de control | 40192 |
| 003 - IDENTIFICADOR DE NÚMERO DE CONTROL | |
| campo de control | ES-MaACL |
| 005 - FECHA Y HORA DE LA ÚLTIMA TRANSACCIÓN | |
| campo de control | 20230906160146.0 |
| 007 - CAMPO FIJO DE DESCRIPCIÓN FÍSICA--INFORMACIÓN GENERAL | |
| campo de control de longitud fija | t| |
| 008 - DATOS DE LONGITUD FIJA--INFORMACIÓN GENERAL | |
| campo de control de longitud fija | 030305s1947 sp ||||1| spa d |
| 100 1# - ENTRADA PRINCIPAL--NOMBRE DE PERSONA | |
| Nombre de persona | Cardelús Carrera, Miguel. |
| 9 (RLIN) | 35124 |
| 245 13 - MENCIÓN DEL TÍTULO | |
| Título | La celulosa y sus aplicaciones / |
| Mención de responsabilidad, etc. | por Miguel Cardelús Carrera. |
| 260 ## - PUBLICACIÓN, DISTRIBUCIÓN, ETC. | |
| Lugar de publicación, distribución, etc. | Madrid : |
| Nombre del editor, distribuidor, etc. | Escuela Especial de Ingenieros Industriales, |
| Fecha de publicación, distribución, etc. | 1947 ( |
| Fabricante | Nuevas Gráficas) |
| 300 ## - DESCRIPCIÓN FÍSICA | |
| Extensión | IX, 320 p., 6 lám. : |
| Otras características físicas | il. |
| 505 8# - NOTA DE CONTENIDO CON FORMATO | |
| Nota de contenido con formato | Contiene con portada propia: La celulosa / Miguel Cardelús Carrera. -- Fabricación con papel / por Julio Carrera Riera. -- La preparación industrial de las celulosas / por León Bergada Girona. |
| 700 1# - ENTRADA AGREGADA--NOMBRE PERSONAL | |
| Nombre de persona | Carrera Riera, Julio. |
| 9 (RLIN) | 35643 |
| 700 1# - ENTRADA AGREGADA--NOMBRE PERSONAL | |
| Nombre de persona | Bergada Girona, León. |
| 9 (RLIN) | 27921 |
| 710 2# - ENTRADA AGREGADA--NOMBRE DE ENTIDAD CORPORATIVA | |
| Nombre de entidad corporativa o nombre de jurisdicción como elemento de entrada | Escuela Central de Ingenieros Industriales (Madrid) |
| 9 (RLIN) | 3568 |
| 740 3# - ENTRADA AGREGADA--TÍTULO RELACIONADO/ANALÍTICO NO CONTROLADO | |
| Título relacionado o analítico no controlado | La celulosa. |
| 740 0# - ENTRADA AGREGADA--TÍTULO RELACIONADO/ANALÍTICO NO CONTROLADO | |
| Título relacionado o analítico no controlado | Fabricación de papel. |
| 740 3# - ENTRADA AGREGADA--TÍTULO RELACIONADO/ANALÍTICO NO CONTROLADO | |
| Título relacionado o analítico no controlado | La preparación industrial de las celulosas. |
| 852 ## - LOCALIZACIÓN | |
| Ubicación | ES-MaACL |
| Número de control de estantería | D-7191 |
| Sublocalización o colección | R.30112 |
| Estatus retirado | Estado de pérdida | Estado de daño | No para préstamo | Biblioteca de origen | Biblioteca actual | Ubicación en estantería | Fecha de adquisición | Fuente de adquisición | Total de préstamos | Signatura topográfica completa | Código de barras | Visto por última vez | Precio de reemplazo | Tipo de ítem Koha |
|---|---|---|---|---|---|---|---|---|---|---|---|---|---|---|
| Biblioteca del Ateneo de Madrid | Biblioteca del Ateneo de Madrid | Sala Valle Inclán | 17/01/2008 | D-7191 | 901042315 | 23/02/2023 | 23/02/2023 | Libro impreso |
